000 00501nam a2200181Ia 4500
008 090124s9999 xx 000 0 und d
082 _b107175
100 _aकोल्हटकर प्र. श्री.
245 _a सेवा
250 _a1
260 _c1959
300 _a112
600 _aकोल्हटकर प्र. श्री.
630 _a सेवा
700 _aकोल्हटकर प्र. श्री.
730 _a सेवा
942 _cBOOK
999 _c153266
_d153266